000 00756nam a22001817a 4500
005 20120213132422.0
020 _a0074636928
_c00.00
035 _aB-7098
037 _aDPL
_bENG
100 _aKinnaman, Dave
_941754
245 _aWindows NT server 4.0 in the enterprise :
_bAccelerated MCSE study guide /
_cby Dave Kinnaman, Theresa Hadden and Patrick Terrance Neal
260 _aNew Delhi
_bTata McGraw-Hill Publishing
_c1999
300 _axii, 366p.
_c18 cms.
700 _a Hadden, Theresa
_941755
700 _aNeal, Patrick Terrance
_941756
942 _2ddc
_cEN
_h005.43
_mKIN
999 _c62633
_d62633